| 000 | 00924nam a2200277 a 4500 | ||
|---|---|---|---|
| 001 | 57866 | ||
| 003 | BD-RjUL | ||
| 005 | 20211209080547.0 | ||
| 008 | 161212s1968 enka b 001 0 eng | ||
| 035 | _a(BD-RjUL)57990) | ||
| 040 |
_aDLC _cDLC _dBD-RjUL _beng |
||
| 041 | _aeng | ||
| 082 | 0 | 0 |
_a302 _223 _bPSY 1969 |
| 245 | 1 | 0 |
_aPsychological foundations of attitudes / _cedited by Anthony G. Greenwald, Timothy C. Brock [and] Thomas M. Ostrom. |
| 260 |
_aNew York : _bAcademic Press, _c1968. |
||
| 300 |
_axvi, 407 p. : _bill. ; _c24 cm. |
||
| 490 | 0 | _aSocial psychology | |
| 504 | _aIncludes bibliographies. | ||
| 650 | 0 |
_aAttitude (Psychology) _9171880 |
|
| 650 | 0 |
_aAttitude change. _9171881 |
|
| 700 | 1 |
_aBrock, Timothy C., _d1935- _ejoint author. _9171882 |
|
| 700 | 1 |
_aGreenwald, Anthony G. _9171883 |
|
| 700 | 1 |
_aOstrom, Thomas M., _d1936- _ejoint author. _9171884 |
|
| 942 |
_2ddc _cBK |
||
| 999 |
_c57866 _d57866 |
||